المطالب العالية بزوائد المسانيد الثمانية / (رقم التسجيلة. 143702)

تفاصيل مارك
000 -LEADER
fixed length control field 01122cam a2200265 a 4500
003 - CONTROL NUMBER IDENTIFIER
control field EG-GiCUC
008 - FIXED-LENGTH DATA ELEMENTS--GENERAL INFORMATION
fixed length control field 160517m19709999ku g 000 0 ara d
040 ## - CATALOGING SOURCE
Original cataloging agency EG-GiCUC
Language of cataloging ara
Transcribing agency EG-GiCUC
092 04 - LOCALLY ASSIGNED DEWEY CALL NUMBER (OCLC)
Classification number 237.1
Item number H154
Edition number 21
099 ## - LOCAL FREE-TEXT CALL NUMBER (OCLC)
Classification number 04
-- 237.1 H154
100 1# - MAIN ENTRY--PERSONAL NAME
Personal name ابن حجر العسقلانى : احمد بن على :
Dates associated with a name 1372-1449
245 12 - TITLE STATEMENT
Title المطالب العالية بزوائد المسانيد الثمانية /
Statement of responsibility, etc. للحافظ ابن حجر احمد بن على العسقلانى (773-852هـ) ؛ تحقيق حبيب الرحمن الاعظمى
250 ## - EDITION STATEMENT
Edition statement
260 ## - PUBLICATION, DISTRIBUTION, ETC.
Place of publication, distribution, etc. الكويت :
Name of publisher, distributor, etc. المطبعة العصرية :
Date of publication, distribution, etc. 1970
300 ## - PHYSICAL DESCRIPTION
Extent مج؛
Dimensions 24
504 ## - BIBLIOGRAPHY, ETC. NOTE
Bibliography, etc. note يشتمل على ارجاعات ببليوجرافية
590 ## - LOCAL NOTE (RLIN)
Local note المكتبة تقتنى فقط المجلد الاول
650 #7 - SUBJECT ADDED ENTRY--TOPICAL TERM
Topical term or geographic name entry element الحديث
General subdivision المسانيدv
Source of heading or term qrmak
700 1# - ADDED ENTRY--PERSONAL NAME
Personal name الاعظمى : حبيب الرحمن
902 ## - LOCAL DATA ELEMENT B, LDB (RLIN)
No. of Items 1
905 ## - LOCAL DATA ELEMENT E, LDE (RLIN)
Cataloger ابراهيم
Reviser مراجع
905 ## - LOCAL DATA ELEMENT E, LDE (RLIN)
Cataloger رضا
Reviser مدخل
942 ## - ADDED ENTRY ELEMENTS (KOHA)
Source of classification or shelving scheme Dewey Decimal Classification
Koha item type Books
المقتنيات
Source of classification or shelving scheme Not for loan Home library Current library Date acquired Full call number Barcode Date last seen Copy number Koha item type
Dewey Decimal Classification   المكتبة المركزبة الجديدة - جامعة القاهرة قاعة المكتبات المهداة - الدور الرابع 11.02.2024 237.1 H154 v.1 J.B. 01000100146936001 23.06.2024 C.1 Books
Cairo University Libraries Portal Implemented & Customized by: Eng. M. Mohamady Contacts: new-lib@cl.cu.edu.eg | cnul@cl.cu.edu.eg
CUCL logo CNUL logo
© All rights reserved — Cairo University Libraries
CUCL logo
Implemented & Customized by: Eng. M. Mohamady Contact: new-lib@cl.cu.edu.eg © All rights reserved — New Central Library
CNUL logo
Implemented & Customized by: Eng. M. Mohamady Contact: cnul@cl.cu.edu.eg © All rights reserved — Cairo National University Library